<?xml version="1.0" encoding="UTF-8"?><?xml-stylesheet type="text/xsl" href="static/style.xsl"?><OAI-PMH xmlns="http://www.openarchives.org/OAI/2.0/" xmlns:xsi="http://www.w3.org/2001/XMLSchema-instance" xsi:schemaLocation="http://www.openarchives.org/OAI/2.0/ http://www.openarchives.org/OAI/2.0/OAI-PMH.xsd"><responseDate>2026-04-17T05:54:52Z</responseDate><request verb="GetRecord" identifier="oai:www.recercat.cat:20.500.12328/4467" metadataPrefix="marc">https://recercat.cat/oai/request</request><GetRecord><record><header><identifier>oai:recercat.cat:20.500.12328/4467</identifier><datestamp>2025-05-20T00:04:23Z</datestamp><setSpec>com_2072_67741</setSpec><setSpec>col_2072_484352</setSpec></header><metadata><record xmlns="http://www.loc.gov/MARC21/slim" xmlns:dcterms="http://purl.org/dc/terms/" xmlns:xsi="http://www.w3.org/2001/XMLSchema-instance" xmlns:doc="http://www.lyncode.com/xoai" xsi:schemaLocation="http://www.loc.gov/MARC21/slim http://www.loc.gov/standards/marcxml/schema/MARC21slim.xsd">
   <leader>00925njm 22002777a 4500</leader>
   <datafield ind2=" " ind1=" " tag="042">
      <subfield code="a">dc</subfield>
   </datafield>
   <datafield ind2=" " ind1=" " tag="720">
      <subfield code="a">ARIAS VALLE, MARIA BELEN</subfield>
      <subfield code="e">author</subfield>
   </datafield>
   <datafield ind2=" " ind1=" " tag="720">
      <subfield code="a">Marimon, Frederic</subfield>
      <subfield code="e">author</subfield>
   </datafield>
   <datafield ind2=" " ind1=" " tag="260">
      <subfield code="c">2024</subfield>
   </datafield>
   <datafield ind2=" " ind1=" " tag="520">
      <subfield code="a">Este estudio aborda cómo las instituciones argentinas de educación superior integran la sostenibilidad en sus programas educativos, de modo alineado con la Agenda 2030 y la Ley 27621 de Educación Ambiental Integral. Se realizó un estudio cuantitativo descriptivo transversal que incluyó a 132 instituciones, y se evaluó su oferta educativa en sostenibilidad. Los resultados revelan que el 54 % de ellas incorpora al menos una modalidad de enseñanza relacionada con la sostenibilidad, entre las que destacan las áreas de gestión ambiental y energías renovables. Sin embargo, existe una notable disparidad entre las provincias, con Buenos Aires, Santa Fe y Mendoza liderando en la oferta educativa, mientras que otras regiones presentan una oferta limitada. Además, se observa una mayor prevalencia de programas de grado y maestría en comparación con cursos, especializaciones, diplomaturas y doctorados. Las instituciones públicas tienen una mayor participación en la enseñanza de sostenibilidad que las privadas. El estudio concluye que, aunque hay un compromiso significativo con la sostenibilidad, es necesario implementar políticas y estrategias para mejorar la equidad regional y diversificar la oferta educativa. Se recomienda desarrollar normativas, guías prácticas y programas de capacitación, así como fomentar la colaboración entre instituciones y asegurar financiamiento adecuado para apoyar estas iniciativas.</subfield>
   </datafield>
   <datafield ind1="8" ind2=" " tag="024">
      <subfield code="a">Arias Valle, Maria Belen; Marimon, Frederic. Las instituciones argentinas de educación superior, ¿impulsan la sostenibilidad? Revista Andina De Educación, 2024, 8(1), 000812. Disponible en: &lt;https://revistas.uasb.edu.ec/index.php/ree/article/view/4797>. Fecha de acceso: 16 dic. 2024. DOI: 10.32719/26312816.2024.8.1.2</subfield>
   </datafield>
   <datafield ind1="8" ind2=" " tag="024">
      <subfield code="a">2631-2816</subfield>
   </datafield>
   <datafield ind1="8" ind2=" " tag="024">
      <subfield code="a">http://hdl.handle.net/20.500.12328/4467</subfield>
   </datafield>
   <datafield ind1="8" ind2=" " tag="024">
      <subfield code="a">https://dx.doi.org/10.32719/26312816.2024.8.1.2</subfield>
   </datafield>
   <datafield tag="653" ind2=" " ind1=" ">
      <subfield code="a">Sostenibilitat</subfield>
   </datafield>
   <datafield tag="653" ind2=" " ind1=" ">
      <subfield code="a">Institucions d'Educació Superior</subfield>
   </datafield>
   <datafield tag="653" ind2=" " ind1=" ">
      <subfield code="a">Docència</subfield>
   </datafield>
   <datafield tag="653" ind2=" " ind1=" ">
      <subfield code="a">Provisió educativa</subfield>
   </datafield>
   <datafield tag="653" ind2=" " ind1=" ">
      <subfield code="a">Sostenibilidad</subfield>
   </datafield>
   <datafield tag="653" ind2=" " ind1=" ">
      <subfield code="a">Instituciones de educación superior</subfield>
   </datafield>
   <datafield tag="653" ind2=" " ind1=" ">
      <subfield code="a">Docencia</subfield>
   </datafield>
   <datafield tag="653" ind2=" " ind1=" ">
      <subfield code="a">Oferta educativa</subfield>
   </datafield>
   <datafield tag="653" ind2=" " ind1=" ">
      <subfield code="a">Sustainability</subfield>
   </datafield>
   <datafield tag="653" ind2=" " ind1=" ">
      <subfield code="a">Higher Education Institutions</subfield>
   </datafield>
   <datafield tag="653" ind2=" " ind1=" ">
      <subfield code="a">Teaching</subfield>
   </datafield>
   <datafield tag="653" ind2=" " ind1=" ">
      <subfield code="a">Educational provision</subfield>
   </datafield>
   <datafield ind2="0" ind1="0" tag="245">
      <subfield code="a">Las instituciones argentinas de educación superior, ¿impulsan la sostenibilidad?</subfield>
   </datafield>
</record></metadata></record></GetRecord></OAI-PMH>